Bank Ownership : Trends and Implications /

This paper presents recent trends in bank ownership across countries and summarizes the evidence regarding the implications of bank ownership structure for bank performance and competition, financial stability, and access to finance. The evidence reviewed suggests that foreign-owned banks are more e...

全面介紹

書目詳細資料
主要作者: Cull, Robert
其他作者: Martinez Peria, Maria, Verrier, Jeanne
格式: 雜誌
語言:English
出版: Washington, D.C. : International Monetary Fund, 2017.
叢編:IMF Working Papers; Working Paper ; No. 2017/060
在線閱讀:Full text available on IMF
LEADER 01836cas a2200265 a 4500
001 AALejournalIMF017524
008 230101c9999 xx r poo 0 0eng d
020 |c 5.00 USD 
020 |z 9781475588125 
022 |a 1018-5941 
040 |a BD-DhAAL  |c BD-DhAAL 
100 1 |a Cull, Robert. 
245 1 0 |a Bank Ownership :   |b Trends and Implications /  |c Robert Cull, Maria Martinez Peria, Jeanne Verrier. 
264 1 |a Washington, D.C. :  |b International Monetary Fund,  |c 2017. 
300 |a 1 online resource (49 pages) 
490 1 |a IMF Working Papers 
500 |a <strong>Off-Campus Access:</strong> No User ID or Password Required 
500 |a <strong>On-Campus Access:</strong> No User ID or Password Required 
506 |a Electronic access restricted to authorized BRAC University faculty, staff and students 
520 3 |a This paper presents recent trends in bank ownership across countries and summarizes the evidence regarding the implications of bank ownership structure for bank performance and competition, financial stability, and access to finance. The evidence reviewed suggests that foreign-owned banks are more efficient than domestic banks in developing countries, promote competition in host banking sectors, and help stabilize credit when host countries face idiosyncratic shocks. But there are tradeoffs, since foreign-owned banks can transmit external shocks and might not always expand access to credit. The record on the impact of government bank ownership suggests few benefits, especially for developing countries. 
538 |a Mode of access: Internet 
700 1 |a Martinez Peria, Maria. 
700 1 |a Verrier, Jeanne. 
830 0 |a IMF Working Papers; Working Paper ;  |v No. 2017/060 
856 4 0 |z Full text available on IMF  |u http://elibrary.imf.org/view/journals/001/2017/060/001.2017.issue-060-en.xml  |z IMF e-Library